000 00470cam a2200193ua 4500
001 5094
005 20260515113832.0
008 120303n ii |||gr||||Z||||||eng
020 _a81-250-1038-6
040 _cMAIN
082 _a823
100 _aOrwell, George,
_eAuthor.,
245 1 1 _aAnimal farm
_cby George Orwell
250 _a7th.
260 _aHyderabad:
_bOrient longman limited.,
_c2001.
300 _a103p:
_c15cm.
653 _aEnglish fiction
942 _cBK
999 _c4274
_d4274